[Event "LTU-chT rapid"]
[Site "Marijampole"]
[Date "2018.11.11"]
[Round "4.4"]
[White "Baginskaite, Camilla"]
[Black "Paulauskaite, Gintare"]
[Result "1-0"]
[WhiteElo "2116"]
[BlackElo "1972"]
[PlyCount "97"]
[EventDate "2018.11.10"]
[EventType "team-swiss (rapid)"]
[EventRounds "7"]
[EventCountry "LTU"]
[SourceTitle "EXT 2020"]
[Source "ChessBase"]
[SourceDate "2019.10.17"]
[SourceVersion "1"]
[SourceVersionDate "2019.10.17"]
[SourceQuality "1"]

1. d4 Nf6 2. c4 g6 3. Nf3 Bg7 4. g3 d6 5. Bg2 0-0 6. 0-0 Nc6 7. Nc3 Bf5 8. d5 Na5 9. Nd4 Bd7 10. b3 c5 11. Nc2 a6 12. Qd3 Rb8 13. Bd2 b5 14. Rab1 bxc4 15. bxc4 Qc7 16. h3 e6 17. dxe6 Bxe6 18. Ne3 Qd7 19. Ncd5 Nc6 20. Nxf6+ Bxf6 21. Nd5 Bg7 22. Kh2 Rfe8 23. Rxb8 Rxb8 24. Rb1 Qa7 25. Bf4 Rxb1 26. Qxb1 Ne5 27. Qc1 h5 28. Bh6 Bxh6 29. Qxh6 Bxd5 30. Bxd5 Qb8 31. f4 Qb2 32. fxe5 Qxe2+ 33. Bg2 dxe5 34. Qg5 Kg7 35. Qe7 Qxc4 36. Qxe5+ Kh7 37. Qd5 Qxd5 38. Bxd5 Kg7 39. Kg2 g5 40. Kf3 f5 41. h4 Kf6 42. hxg5+ Kxg5 43. a4 a5 44. Bc4 h4 45. gxh4+ Kxh4 46. Kf4 Kh5 47. Kxf5 Kh6 48. Ke5 Kg6 49. Bd5 1-0

[Event "LTU-chT (Women)"]
[Site "Vilnius"]
[Date "2016.02.07"]
[Round "5.1"]
[White "Semonaviciute, Migle"]
[Black "Paulauskaite, Gintare"]
[Result "0-1"]
[WhiteElo "1761"]
[BlackElo "2051"]
[PlyCount "104"]
[EventDate "2016.01.23"]
[EventType "team-swiss"]
[EventRounds "7"]
[EventCountry "LTU"]
[SourceTitle "EXT 2017"]
[Source "ChessBase"]
[SourceDate "2016.10.25"]
[SourceVersion "1"]
[SourceVersionDate "2016.10.25"]
[SourceQuality "1"]
[WhiteTeam "Siauliai Fortuna (W)"]
[BlackTeam "Kaunas Margiris (W) II"]
[WhiteTeamCountry "LTU"]
[BlackTeamCountry "LTU"]

1. g3 e5 2. Bg2 d5 3. e3 f5 4. c4 c6 5. cxd5 cxd5 6. d4 e4 7. Nc3 Nf6 8. Nge2 Be6 9. Nf4 Bf7 10. Qb3 Qd7 11. f3 Nc6 12. a3 Be7 13. 0-0 0-0 14. Qc2 Rac8 15. b4 Bd6 16. fxe4 dxe4 17. Qd2 Bb8 18. Bb2 Ne5 19. Rad1 Nc4 20. Qe2 Ng4 21. Bc1 Ncxe3 22. Bxe3 Rxc3 23. Bd2 Rxa3 24. Kh1 Rb3 25. h3 Nf6 26. Qf2 Re8 27. Be3 Rxb4 28. Rb1 Rxb1 29. Rxb1 Nd5 30. Qd2 Rc8 31. Nxd5 Bxd5 32. Kh2 Qa4 33. Rb4 Qc2 34. Qxc2 Rxc2 35. Rb5 Bc6 36. Rxf5 Rc3 37. Bf4 Bxf4 38. Rxf4 e3 39. d5 Bb5 40. d6 Rd3 41. Re4 Bc6 42. Re6 Rd2 43. h4 Rxg2+ 44. Kh3 Bd7 45. Kxg2 Bxe6 46. Kf3 a5 47. Kxe3 a4 48. Kd3 a3 49. Kc2 b5 50. Kb1 b4 51. Ka1 Kf7 52. Kb1 Ke8 0-1

[Event "LTU-chT (Women)"]
[Site "Vilnius"]
[Date "2016.02.06"]
[Round "4.1"]
[White "Paulauskaite, Gintare"]
[Black "Malisauskiene, Marina"]
[Result "1/2-1/2"]
[WhiteElo "2051"]
[BlackElo "1940"]
[PlyCount "102"]
[EventDate "2016.01.23"]
[EventType "team-swiss"]
[EventRounds "7"]
[EventCountry "LTU"]
[SourceTitle "EXT 2017"]
[Source "ChessBase"]
[SourceDate "2016.10.25"]
[SourceVersion "1"]
[SourceVersionDate "2016.10.25"]
[SourceQuality "1"]
[WhiteTeam "Kaunas Margiris (W) II"]
[BlackTeam "Kaunas Margiris (W) III"]
[WhiteTeamCountry "LTU"]
[BlackTeamCountry "LTU"]

1. e4 e6 2. d3 d5 3. Nd2 g6 4. g3 Bg7 5. Bg2 c6 6. Ngf3 Nd7 7. 0-0 Ne7 8. Qe2 0-0 9. e5 c5 10. Re1 Qb6 11. Nf1 Nc6 12. Bf4 Qxb2 13. Ne3 Nd4 14. Nxd4 Qxd4 15. Rac1 Qa4 16. c4 d4 17. Nf1 Qa5 18. h4 Rb8 19. h5 b5 20. cxb5 Rxb5 21. Rc2 Bb7 22. Bxb7 Rxb7 23. Nd2 Rfb8 24. h6 Bf8 25. Nb3 Qa3 26. Bc1 Qa4 27. Bd2 Rb5 28. Qf3 Qa6 29. Bf4 Rxb3 30. axb3 Rxb3 31. Qe2 Qb5 32. Ra1 a6 33. Rd2 Nb8 34. Raa2 Nc6 35. Rdb2 Rxb2 36. Rxb2 Nb4 37. Rb3 a5 38. Ra3 Nd5 39. Bg5 Nc3 40. Qf3 Nd5 41. Qd1 Qb8 42. Rxa5 Qxe5 43. Bd2 Qf5 44. Qb3 Qf3 45. Ra8 Nf6 46. Rd8 Ng4 47. Rxf8+ Kxf8 48. Qb8+ Ke7 49. Bg5+ f6 50. Qc7+ Ke8 51. Qc8+ Ke7 1/2-1/2

[Event "LTU-chT (Women)"]
[Site "Lithuania"]
[Date "2015.01.25"]
[Round "2.3"]
[White "Vanagaite, Giedre"]
[Black "Paulauskaite, Gintare"]
[Result "1-0"]
[WhiteElo "1970"]
[BlackElo "2054"]
[PlyCount "93"]
[EventDate "2015.01.24"]
[EventType "team-swiss"]
[EventRounds "7"]
[EventCountry "LTU"]
[SourceTitle "EXT 2018"]
[Source "ChessBase"]
[SourceDate "2017.10.13"]
[SourceVersion "1"]
[SourceVersionDate "2017.10.13"]
[SourceQuality "1"]
[WhiteTeam "Panevezys Nike (W)"]
[BlackTeam "Kaunas LSM (W)"]
[WhiteTeamCountry "LTU"]
[BlackTeamCountry "LTU"]

1. d4 Nf6 2. c4 g6 3. Nc3 Bg7 4. e4 d6 5. f3 0-0 6. Be3 Nc6 7. Nge2 a6 8. Qd2 Rb8 9. h4 h5 10. 0-0-0 b5 11. Nf4 bxc4 12. Bxc4 Na5 13. Be2 c6 14. e5 dxe5 15. dxe5 Qxd2+ 16. Rxd2 Nd7 17. e6 Ne5 18. exf7+ Kxf7 19. b3 Nec4 20. bxc4 Bxc3 21. Rc2 Bf6 22. Bd3 e5 23. Ne2 Bf5 24. Bxf5 gxf5 25. Rd1 Bxh4 26. Rh1 Be7 27. Rxh5 Rfd8 28. c5 Ke6 29. Rh6+ Kd7 30. Rd2+ Kc7 31. Rh7 Rd7 32. Bg5 Re8 33. Rxd7+ Kxd7 34. Ng3 Ke6 35. Bxe7 Rxe7 36. Rxe7+ Kxe7 37. Nxf5+ Ke6 38. Nd6 Kd5 39. Ne4 Nb7 40. Kd2 Nxc5 41. Nxc5 Kxc5 42. g4 Kd5 43. Kd3 c5 44. a4 c4+ 45. Kc3 e4 46. fxe4+ Kxe4 47. Kxc4 1-0

[Event "Plunge op 34th"]
[Site "Plateliai"]
[Date "2014.07.17"]
[Round "6"]
[White "Paulauskaite, Gintare"]
[Black "Misiuk, Ernest"]
[Result "1-0"]
[WhiteElo "2052"]
[BlackElo "1556"]
[PlyCount "32"]
[EventDate "2014.07.14"]
[EventType "swiss"]
[EventRounds "9"]
[EventCountry "LTU"]
[SourceTitle "EXT 2015"]
[Source "ChessBase"]
[SourceDate "2014.11.20"]
[SourceVersion "1"]
[SourceVersionDate "2014.11.20"]
[SourceQuality "1"]

1. e4 c5 2. Nf3 d6 3. d4 cxd4 4. Nxd4 Nf6 5. Nc3 a6 6. Be2 e5 7. Nb3 Be7 8. 0-0 0-0 9. f4 b5 10. a3 Bb7 11. Bf3 Nbd7 12. Qe1 Rc8 13. Qg3 d5 14. fxe5 Nxe5 15. Nd4 Nxf3+ 16. gxf3 g6 1-0

[Event "Plunge op 34th"]
[Site "Plateliai"]
[Date "2014.07.16"]
[Round "4"]
[White "Jakutis, Paulius"]
[Black "Paulauskaite, Gintare"]
[Result "1-0"]
[WhiteElo "1712"]
[BlackElo "2052"]
[PlyCount "109"]
[EventDate "2014.07.14"]
[EventType "swiss"]
[EventRounds "9"]
[EventCountry "LTU"]
[SourceTitle "EXT 2015"]
[Source "ChessBase"]
[SourceDate "2014.11.20"]
[SourceVersion "1"]
[SourceVersionDate "2014.11.20"]
[SourceQuality "1"]

1. e4 d6 2. d4 g6 3. Nc3 Bg7 4. Be3 Nd7 5. Nf3 a6 6. a4 b6 7. Qd2 c5 8. Bc4 h6 9. 0-0 cxd4 10. Nxd4 Ngf6 11. Bd5 Nxd5 12. Nxd5 Bb7 13. a5 b5 14. f3 Kf8 15. c3 Kg8 16. Nb3 Rc8 17. Nb6 Nxb6 18. axb6 Kh7 19. Na5 Qd7 20. Nxb7 Qxb7 21. Ra5 Rc6 22. Rfa1 Ra8 23. Qd5 e6 24. Qa2 b4 25. Rxa6 Rxa6 26. Qxa6 Qxa6 27. Rxa6 bxc3 28. bxc3 Bxc3 29. b7 Rxa6 30. b8Q Kg7 31. Qb5 Ra5 32. Qc4 Bf6 33. Bd4 e5 34. Bc3 Rc5 35. Qb4 Rc6 36. Kf2 Bg5 37. g3 Bf6 38. Ke2 Ra6 39. Kd3 Rc6 40. Qb5 Rc8 41. Bb4 Rd8 42. Kc4 Be7 43. Kd5 Kf8 44. Qb6 Kg7 45. f4 exf4 46. Bc3+ Kf8 47. Qd4 Ke8 48. gxf4 h5 49. Qg7 Bf8 50. Qg8 Ke7 51. Be1 Ra8 52. Bh4+ Ke8 53. Bf6 Ra5+ 54. Kc6 Ra6+ 55. Kb7 1-0

[Event "LTU-chT (Women)"]
[Site "Lithuania"]
[Date "2014.03.15"]
[Round "4"]
[White "Paulauskaite, Gintare"]
[Black "Maciuityte, Greta"]
[Result "1-0"]
[WhiteElo "2065"]
[BlackElo "1626"]
[PlyCount "41"]
[EventDate "2014.02.08"]
[EventType "team-tourn"]
[EventRounds "5"]
[EventCountry "LTU"]
[SourceTitle "EXT 2016"]
[Source "ChessBase"]
[SourceDate "2015.10.08"]
[SourceVersion "1"]
[SourceVersionDate "2015.10.08"]
[SourceQuality "1"]

1. e4 e5 2. Nf3 Nc6 3. Bb5 a6 4. Ba4 Nf6 5. 0-0 b5 6. Bb3 Be7 7. Re1 0-0 8. d3 d5 9. exd5 Nxd5 10. Nxe5 Nxe5 11. Rxe5 c6 12. Qf3 Bd6 13. Re1 Qh4 14. g3 Qh3 15. Be3 Bg4 16. Qg2 Qh5 17. Nd2 Rae8 18. Bd4 Nf4 19. gxf4 Bxf4 20. f3 Bh3 21. Qxg7# 1-0

[Event "LTU-ch sf (Women)"]
[Site "Vilnius"]
[Date "2014.02.23"]
[Round "7"]
[White "Batkovskyte, Dominyka"]
[Black "Paulauskaite, Gintare"]
[Result "1-0"]
[WhiteElo "2110"]
[BlackElo "2048"]
[PlyCount "63"]
[EventDate "2014.02.17"]
[EventType "swiss"]
[EventRounds "7"]
[EventCountry "LTU"]
[SourceTitle "CBM 158 Extra"]
[Source "ChessBase"]
[SourceDate "2014.02.28"]
[SourceVersion "1"]
[SourceVersionDate "2014.02.28"]
[SourceQuality "1"]

1. d4 Nf6 2. c4 g6 3. Nc3 Bg7 4. e4 d6 5. f4 0-0 6. Nf3 Bg4 7. Be2 Nbd7 8. 0-0 e5 9. Be3 Re8 10. h3 Bxf3 11. Bxf3 Qe7 12. Rc1 Qf8 13. Nb5 Rac8 14. Nxa7 Ra8 15. Nb5 Rxa2 16. Qb3 Ra5 17. Nxc7 Rc8 18. Bd2 Ra7 19. Nb5 Raa8 20. Bb4 exd4 21. Nxd6 Nc5 22. Bxc5 Rxc5 23. e5 Ne8 24. Qxb7 Ra2 25. Qb3 Ra6 26. Ne4 Rca5 27. c5 Nc7 28. Nd6 g5 29. Be2 Rc6 30. fxg5 Raxc5 31. Rxc5 Rxc5 32. Rxf7 1-0

[Event "LTU-ch sf (Women)"]
[Site "Vilnius"]
[Date "2014.02.21"]
[Round "5"]
[White "Zaksaite, Salomeja"]
[Black "Paulauskaite, Gintare"]
[Result "1/2-1/2"]
[WhiteElo "2196"]
[BlackElo "2048"]
[PlyCount "56"]
[EventDate "2014.02.17"]
[EventType "swiss"]
[EventRounds "7"]
[EventCountry "LTU"]
[SourceTitle "CBM 158 Extra"]
[Source "ChessBase"]
[SourceDate "2014.02.28"]
[SourceVersion "1"]
[SourceVersionDate "2014.02.28"]
[SourceQuality "1"]

1. e4 e6 2. d4 d5 3. Nc3 Nf6 4. e5 Nfd7 5. f4 c5 6. Nf3 Nc6 7. Be3 a6 8. Qd2 b5 9. Be2 Qb6 10. 0-0 cxd4 11. Nxd4 Nxd4 12. Bxd4 Qxd4+ 13. Qxd4 Bc5 14. Qxc5 Nxc5 15. b4 Nd7 16. a4 bxa4 17. Rxa4 Rb8 18. Kf2 Ke7 19. Ke3 Bb7 20. Kd4 Bc6 21. b5 Bxb5 22. Nxb5 axb5 23. Rb4 Rhc8 24. c3 Ra8 25. Rfb1 Ra3 26. R1b3 Ra2 27. Rb2 Ra3 28. R2b3 Ra2 1/2-1/2

[Event "LTU-ch sf (Women)"]
[Site "Vilnius"]
[Date "2014.02.19"]
[Round "3"]
[White "Meskenaite, Rugile"]
[Black "Paulauskaite, Gintare"]
[Result "0-1"]
[WhiteElo "1510"]
[BlackElo "2048"]
[PlyCount "106"]
[EventDate "2014.02.17"]
[EventType "swiss"]
[EventRounds "7"]
[EventCountry "LTU"]
[SourceTitle "CBM 158 Extra"]
[Source "ChessBase"]
[SourceDate "2014.02.28"]
[SourceVersion "1"]
[SourceVersionDate "2014.02.28"]
[SourceQuality "1"]

1. e4 c5 2. Nf3 d6 3. Bb5+ Bd7 4. Bxd7+ Qxd7 5. 0-0 Nc6 6. c3 Nf6 7. Qe2 e6 8. d4 Be7 9. Bg5 0-0 10. Rd1 cxd4 11. cxd4 h6 12. Bh4 Rfc8 13. Nc3 Na5 14. e5 Ne8 15. Bxe7 Qxe7 16. Rac1 d5 17. b3 Rc6 18. Qb5 Qc7 19. Ne2 Rc8 20. Rxc6 bxc6 21. Qc5 Qb6 22. Qc1 c5 23. Rd3 Qa6 24. Qd2 c4 25. Rc3 Rb8 26. Nc1 Nc7 27. Ne1 Qb6 28. Rg3 Kh8 29. Nc2 Na6 30. Rh3 Nb4 31. Ne3 Kg8 32. Ng4 Kf8 33. a3 Nbc6 34. b4 Qxd4 35. Qxd4 Nxd4 36. Rc3 Nac6 37. f4 a5 38. bxa5 Nxa5 39. Ne3 Rb1 40. Kf2 Rb2+ 41. Kf1 Nb5 42. Rc2 Rb1 43. Kf2 Nxa3 44. Ra2 Rxc1 45. Rxa3 Nc6 46. Ra6 Nd8 47. Rd6 Ke7 48. f5 Nb7 49. Rc6 Kd7 50. fxe6+ fxe6 51. Rb6 Nc5 52. Rd6+ Ke7 53. Ke2 Nd3 0-1

[Event "LTU-chT (Women)"]
[Site "Lithuania"]
[Date "2014.02.09"]
[Round "3"]
[White "Pazeriene, Diana"]
[Black "Paulauskaite, Gintare"]
[Result "1/2-1/2"]
[WhiteElo "2025"]
[BlackElo "2065"]
[PlyCount "69"]
[EventDate "2014.02.08"]
[EventType "team-tourn"]
[EventRounds "5"]
[EventCountry "LTU"]
[SourceTitle "EXT 2016"]
[Source "ChessBase"]
[SourceDate "2015.10.08"]
[SourceVersion "1"]
[SourceVersionDate "2015.10.08"]
[SourceQuality "1"]

1. d4 Nf6 2. Nf3 g6 3. c4 Bg7 4. Nc3 d6 5. e4 0-0 6. Be2 e5 7. 0-0 Na6 8. Be3 Ng4 9. Bg5 Qe8 10. h3 h6 11. Bc1 Nf6 12. Be3 exd4 13. Bxd4 Nc5 14. e5 Nfe4 15. Nxe4 Nxe4 16. exd6 Nxd6 17. Bxg7 Kxg7 18. Re1 Qe6 19. Qd4+ Qf6 20. Rad1 Be6 21. b3 a6 22. Rd2 Rae8 23. Bd3 Bc8 24. Ne5 h5 25. Rde2 Rd8 26. Qc3 Bf5 27. Re3 Bxd3 28. Rxd3 Kg8 29. Rf3 Nf5 30. Rd3 Rxd3 31. Qxd3 Rd8 32. Qe2 Qg5 33. Nf3 Qf4 34. Rd1 Nd4 35. Nxd4 1/2-1/2

[Event "EU-Cup (Women) 18th"]
[Site "Rhodes"]
[Date "2013.10.23"]
[Round "4.4"]
[White "Paulauskaite, Gintare"]
[Black "Di Primio, Eugenia"]
[Result "1-0"]
[WhiteElo "2053"]
[BlackElo "1982"]
[PlyCount "89"]
[EventDate "2013.10.20"]
[EventType "team-swiss"]
[EventRounds "7"]
[EventCountry "GRE"]
[SourceTitle "EXT 2014"]
[Source "ChessBase"]
[SourceDate "2013.11.20"]
[SourceVersion "1"]
[SourceVersionDate "2013.11.20"]
[SourceQuality "1"]
[WhiteTeam "Vilnius (W)"]
[BlackTeam "Chieti (W)"]
[WhiteTeamCountry "LTU"]
[BlackTeamCountry "ITA"]

1. e4 e5 2. Nf3 Nc6 3. Bb5 a6 4. Ba4 Nf6 5. 0-0 Be7 6. d4 exd4 7. e5 Ne4 8. Re1 Nc5 9. Bxc6 dxc6 10. Nxd4 0-0 11. Nc3 Re8 12. Be3 Bf8 13. f4 f6 14. Bf2 fxe5 15. fxe5 Qg5 16. Qe2 Bh3 17. Bg3 Be6 18. Nxe6 Nxe6 19. Ne4 Qg6 20. Qc4 Kh8 21. Rad1 Rad8 22. Rf1 Rxd1 23. Rxd1 Qg4 24. Rf1 Ng5 25. Nd6 Qxc4 26. Nxc4 Bc5+ 27. Bf2 Bxf2+ 28. Rxf2 Kg8 29. Rd2 b5 30. Na5 Rxe5 31. Nxc6 Rc5 32. Nb8 Ne4 33. Nxa6 Rc6 34. Nb4 Rc4 35. Rd8+ Kf7 36. c3 Nf6 37. Rb8 c6 38. Rb6 c5 39. Nc6 Re4 40. Rxb5 Ng4 41. Kf1 Ne3+ 42. Ke2 Re8 43. Kf3 c4 44. Ne5+ Kf6 45. Kxe3 1-0

[Event "EU-Cup (Women) 18th"]
[Site "Rhodes"]
[Date "2013.10.20"]
[Round "1.4"]
[White "Paulauskaite, Gintare"]
[Black "Javakhishvili, Lela"]
[Result "0-1"]
[WhiteElo "2053"]
[BlackElo "2435"]
[PlyCount "24"]
[EventDate "2013.10.20"]
[EventType "team-swiss"]
[EventRounds "7"]
[EventCountry "GRE"]
[SourceTitle "EXT 2014"]
[Source "ChessBase"]
[SourceDate "2013.11.20"]
[SourceVersion "1"]
[SourceVersionDate "2013.11.20"]
[SourceQuality "1"]
[WhiteTeam "Vilnius (W)"]
[BlackTeam "Mika (W)"]
[WhiteTeamCountry "LTU"]
[BlackTeamCountry "ARM"]

1. e4 c5 2. Nf3 Nc6 3. b3 Nf6 4. e5 Nd5 5. Bb2 e6 6. g3 d6 7. exd6 f6 8. c4 Nb6 9. d4 Qxd6 10. Bg2 cxd4 11. Nxd4 Qe5+ 12. Qe2 Nxd4 0-1

[Event "Panevezys op-A 26th"]
[Site "Panevezys"]
[Date "2013.08.17"]
[Round "8"]
[White "Paulauskaite, Gintare"]
[Black "Valiunas, Rimantas"]
[Result "0-1"]
[WhiteElo "2082"]
[BlackElo "2079"]
[PlyCount "100"]
[EventDate "2013.08.12"]
[EventType "swiss"]
[EventRounds "9"]
[EventCountry "LTU"]
[SourceTitle "CBM 155 Extra"]
[Source "ChessBase"]
[SourceDate "2013.08.26"]
[SourceVersion "1"]
[SourceVersionDate "2013.08.26"]
[SourceQuality "1"]

1. e4 c5 2. Nf3 d6 3. d4 cxd4 4. Nxd4 Nf6 5. Nc3 g6 6. Be2 Bg7 7. 0-0 0-0 8. Be3 Nc6 9. Kh1 Bd7 10. f4 Rc8 11. Nb3 a6 12. Qe1 b5 13. a3 Qc7 14. Qg3 Be6 15. Rad1 Bc4 16. Rfe1 Bxe2 17. Rxe2 b4 18. Nd5 Qb7 19. Nxf6+ Bxf6 20. axb4 Qxb4 21. Bc1 a5 22. e5 dxe5 23. fxe5 Bg7 24. Rde1 Rfd8 25. Bd2 Qb5 26. Bc3 a4 27. Nc1 Nd4 28. Rf2 Qc6 29. Qf4 Nf5 30. Ne2 Qc4 31. Ra1 Bh6 32. Qxc4 Rxc4 33. Ng1 Be3 34. Re2 Rh4 35. Be1 Rc4 36. Nf3 Rb8 37. c3 Rb5 38. g3 g5 39. h3 h5 40. Ra2 g4 41. hxg4 hxg4 42. Nd4 Bxd4 43. cxd4 Rxd4 44. Kg2 Rb3 45. Bc3 Rc4 46. Kf2 a3 47. Be1 Nxg3 48. bxa3 Nxe2 49. Kxe2 Re4+ 50. Kf2 g3+ 0-1

[Event "Panevezys op-A 26th"]
[Site "Panevezys"]
[Date "2013.08.13"]
[Round "2"]
[White "Paulauskaite, Gintare"]
[Black "Vaitonis, Vytautas"]
[Result "0-1"]
[WhiteElo "2082"]
[BlackElo "1985"]
[PlyCount "156"]
[EventDate "2013.08.12"]
[EventType "swiss"]
[EventRounds "9"]
[EventCountry "LTU"]
[SourceTitle "CBM 155 Extra"]
[Source "ChessBase"]
[SourceDate "2013.08.26"]
[SourceVersion "1"]
[SourceVersionDate "2013.08.26"]
[SourceQuality "1"]

1. e4 e6 2. d3 c5 3. g3 Nc6 4. Nf3 g6 5. Bg2 Bg7 6. 0-0 Nge7 7. Nbd2 0-0 8. Re1 e5 9. Nc4 d6 10. c3 h6 11. a4 Be6 12. Rb1 a6 13. b4 cxb4 14. cxb4 b5 15. Na3 Rb8 16. Be3 d5 17. axb5 axb5 18. Bc5 Re8 19. Nd2 f5 20. Qe2 Bf7 21. Rec1 Qd7 22. Nb3 dxe4 23. dxe4 Nd4 24. Bxd4 Bxb3 25. Bxe5 Bxe5 26. Rxb3 f4 27. Rc5 Qe6 28. Rb1 Rf8 29. Rxb5 Rbc8 30. Nc2 Rc3 31. Ne1 fxg3 32. hxg3 Nc6 33. Qd2 Bd4 34. Nf3 Rfxf3 35. Bxf3 Rxf3 36. Qxh6 Rxf2 37. Re1 Re2+ 38. Kf1 Rxe1+ 39. Kxe1 Qxe4+ 40. Kd2 Qg2+ 41. Kd1 Qf1+ 42. Kd2 Qxb5 43. Qxg6+ Kf8 44. Qd6+ Ke8 45. g4 Qxb4+ 46. Qxb4 Nxb4 47. Ke2 Kf7 48. Kf3 Kg6 49. Ke4 Bc3 50. Ke3 Kg5 51. Kf3 Be5 52. Ke4 Bf4 53. Kf3 Nd3 54. Ke4 Ne5 55. Kd5 Kxg4 56. Ke4 Nf7 57. Kd4 Kf5 58. Kd5 Be5 59. Kc6 Ke6 60. Kc5 Nd6 61. Kc6 Bd4 62. Kc7 Kd5 63. Kd7 Bb6 64. Ke7 Ne4 65. Kd7 Nf6+ 66. Ke7 Ke5 67. Kf7 Kf5 68. Ke7 Bc7 69. Kf7 Bd6 70. Kg7 Ne8+ 71. Kf7 Nc7 72. Kg7 Be7 73. Kf7 Bf6 74. Kf8 Kg6 75. Kg8 Be7 76. Kh8 Bf8 77. Kg8 Bh6 78. Kh8 Nd5 0-1

[Event "Panevezys op-A 26th"]
[Site "Panevezys"]
[Date "2013.08.12"]
[Round "1"]
[White "Malinin, Yuri"]
[Black "Paulauskaite, Gintare"]
[Result "1-0"]
[WhiteElo "2306"]
[BlackElo "2082"]
[PlyCount "47"]
[EventDate "2013.08.12"]
[EventType "swiss"]
[EventRounds "9"]
[EventCountry "LTU"]
[SourceTitle "CBM 155 Extra"]
[Source "ChessBase"]
[SourceDate "2013.08.26"]
[SourceVersion "1"]
[SourceVersionDate "2013.08.26"]
[SourceQuality "1"]

1. Nf3 d6 2. c4 e5 3. Nc3 Nf6 4. d4 Nbd7 5. e4 g6 6. Be2 Bg7 7. 0-0 0-0 8. Re1 Re8 9. Bf1 exd4 10. Nxd4 Nc5 11. f3 c6 12. Be3 Ne6 13. Nc2 Nc7 14. Qd2 d5 15. Rad1 Be6 16. Qf2 Qb8 17. exd5 cxd5 18. c5 Nd7 19. Bd4 Bf8 20. b4 Rc8 21. Ne3 f5 22. Nexd5 Nxd5 23. Rxe6 Nxb4 24. Bc4 1-0

[Event "Plateliai op 23rd"]
[Site "Plateliai"]
[Date "2013.07.21"]
[Round "9"]
[White "Batkovskyte, Dominyka"]
[Black "Paulauskaite, Gintare"]
[Result "0-1"]
[WhiteElo "2101"]
[BlackElo "2067"]
[PlyCount "79"]
[EventDate "2013.07.15"]
[EventType "swiss"]
[EventRounds "9"]
[EventCountry "LTU"]
[SourceTitle "EXT 2014"]
[Source "ChessBase"]
[SourceDate "2013.11.20"]
[SourceVersion "1"]
[SourceVersionDate "2013.11.20"]
[SourceQuality "1"]

1. d4 Nf6 2. c4 g6 3. Nc3 Bg7 4. Bg5 d6 5. e3 Nbd7 6. Be2 e6 7. Qc2 h6 8. Bh4 a6 9. Rd1 Qe7 10. h3 0-0 11. Nf3 g5 12. Bg3 Nh5 13. Bh2 f5 14. Nd2 Nhf6 15. b4 Ne8 16. c5 Kh8 17. 0-0 e5 18. Nd5 Qd8 19. dxe5 dxe5 20. Nc4 Rb8 21. Na5 c6 22. Nb6 Qc7 23. Nxc8 Rxc8 24. Nc4 f4 25. h4 gxh4 26. exf4 exf4 27. Qg6 Ne5 28. Qh5 Qf7 29. Qxf7 Rxf7 30. Bh5 Rf8 31. Nd6 Nxd6 32. Rxd6 Rc7 33. Rfd1 Kh7 34. R6d4 Rf5 35. Be2 Rcf7 36. Rd8 Bf6 37. R8d6 Kg7 38. R6d4 f3 39. Bxf3 Nxf3+ 40. gxf3 0-1

[Event "LTU-ch (Women)"]
[Site "Vilnius"]
[Date "2013.04.21"]
[Round "2"]
[White "Paulauskaite, Gintare"]
[Black "Zaksaite, Salomeja"]
[Result "0-1"]
[WhiteElo "2065"]
[BlackElo "2152"]
[PlyCount "98"]
[EventDate "2013.04.20"]
[EventType "tourn"]
[EventRounds "9"]
[EventCountry "LTU"]
[SourceTitle "CBM 154 Extra"]
[Source "ChessBase"]
[SourceDate "2013.06.25"]
[SourceVersion "2"]
[SourceVersionDate "2013.06.25"]
[SourceQuality "1"]

1. e4 c5 2. Nf3 Nc6 3. d3 g6 4. g3 Bg7 5. Bg2 e5 6. Nbd2 Nge7 7. Nc4 d5 8. exd5 Nxd5 9. 0-0 0-0 10. Bg5 f6 11. Bd2 Be6 12. a3 Rc8 13. Rb1 b5 14. Ne3 Nb6 15. h3 Qd7 16. Kh2 Rfd8 17. Re1 a6 18. Rc1 c4 19. dxc4 e4 20. Nd5 Nxc4 21. Nf4 Bf5 22. Bc3 Qxd1 23. Rcxd1 exf3 24. Bxf3 N6e5 25. Bb7 Bxc2 26. Rc1 Bf5 27. b3 Nxa3 28. Bxc8 Rxc8 29. Bxe5 Rxc1 30. Rxc1 fxe5 31. Nd5 a5 32. Ne7+ Kf8 33. Nxf5 gxf5 34. Rc8+ Kf7 35. Ra8 Nc2 36. Rxa5 Nd4 37. g4 f4 38. Ra7+ Kg6 39. Ra6+ Bf6 40. Kg2 e4 41. h4 h6 42. Rd6 e3 43. h5+ Kf7 44. fxe3 fxe3 45. g5 hxg5 46. h6 e2 47. h7 e1Q 48. Rxf6+ Kg7 49. Rf7+ Kh8 0-1

[Event "LTU-chT (Women)"]
[Site "Lithuania"]
[Date "2013.02.10"]
[Round "5"]
[White "Juknaite, Aurelija"]
[Black "Paulauskaite, Gintare"]
[Result "0-1"]
[WhiteElo "1646"]
[BlackElo "2075"]
[PlyCount "46"]
[EventDate "2013.01.19"]
[EventType "team-tourn"]
[EventRounds "7"]
[EventCountry "LTU"]
[SourceTitle "CBM 152 Extra"]
[Source "ChessBase"]
[SourceDate "2013.02.25"]
[SourceVersion "1"]
[SourceVersionDate "2013.02.25"]
[SourceQuality "1"]

1. e4 e6 2. d4 d5 3. f3 Nf6 4. e5 Nfd7 5. Bf4 c5 6. c3 Nc6 7. Bb5 cxd4 8. Bxc6 bxc6 9. cxd4 Qb6 10. Bc1 c5 11. Ne2 cxd4 12. f4 Bc5 13. a3 a5 14. b3 Ba6 15. Nd2 d3 16. Nc3 Bf2+ 17. Kf1 Qd4 18. Bb2 Qxf4 19. Nf3 Bd4 20. Nb5 Bxb2 21. Nc7+ Ke7 22. Nxa6 Bxa1 23. Qxd3 Nxe5 0-1

[Event "LTU-chT (Women)"]
[Site "Lithuania"]
[Date "2013.02.09"]
[Round "4"]
[White "Paulauskaite, Gintare"]
[Black "Urbonaviciute, Zivile"]
[Result "0-1"]
[WhiteElo "2075"]
[BlackElo "1746"]
[PlyCount "86"]
[EventDate "2013.01.19"]
[EventType "team-tourn"]
[EventRounds "7"]
[EventCountry "LTU"]
[SourceTitle "CBM 152 Extra"]
[Source "ChessBase"]
[SourceDate "2013.02.25"]
[SourceVersion "1"]
[SourceVersionDate "2013.02.25"]
[SourceQuality "1"]

1. e4 c5 2. Nf3 d6 3. d3 Nc6 4. g3 Nf6 5. Bg2 g6 6. 0-0 Bg7 7. Nbd2 e6 8. Re1 0-0 9. Nf1 a6 10. Be3 Re8 11. h3 Rb8 12. c3 b5 13. e5 Nd5 14. Bg5 Qc7 15. c4 Nb6 16. exd6 Qxd6 17. cxb5 axb5 18. Qe2 Bb7 19. N1d2 Nd4 20. Nxd4 Qxd4 21. Be3 Qxb2 22. Rab1 Qxa2 23. Bxb7 Rxb7 24. Rxb5 Qa6 25. Reb1 Reb8 26. Rxc5 Nd5 27. Rxb7 Qxb7 28. Ne4 Nxe3 29. Qxe3 Ra8 30. Rc1 Qb2 31. Qc5 Bd4 32. Qc6 Ra2 33. Qe8+ Kg7 34. Rf1 Qe2 35. Qd7 Qxd3 36. Qb7 Re2 37. Kg2 Qxe4+ 38. Qxe4 Rxe4 39. Kf3 Re5 40. g4 Ra5 41. Rd1 e5 42. Rd2 Ra3+ 43. Ke4 Rxh3 0-1